01438nam a22002177a 4500003000500000005001700005008004100022020001800063020001800081050002400099100001800123245021800141260005100359300004600410440003800456500060800494650006101102700001801163700001901181700002001200SISC20180503104059.0180503b xxu||||| |||| 00| 0 eng d a9788936462192 a9788936462994 aPL 992.2b.C65 2005 aChoi, Won Sik aWing, Love guest and mother, Chang, Jae-ssi, Maekwon = 날개/사랑손님과 어머니/장삼이사/마권 외 /c Choi Won Sik ... [et al.] aPaju, South Korea:bChangbi Publishers,c2005. a335 pages:bcolor illustrations; c22 cm. a20th century Korean novel vno. 9 aPublisher's Review: In the <20th Century Korean Novel> Volume 9, the most representative modernist, Choi Myung-ik, and major works by Kwang Sup, Hyun Kyung Jun and Yu Yehrim. It is said that Choi Myung-ik's "rainy road", which delicately depicts the conflicts of the characters who can not compromise with reality, and "wing", " Through the "Omari" of Hyun Kyung-Jun, who shows the vision of breakthrough through the bond of love and mother, "Anemone's Madam" and the rough seafarers, who achieved excellent aesthetic accomplishment with a unique viewpoint, You can look at various branches at a glance. 2Library of Congress Subject HeadingsaKorean short story aChoi, Won Sik aChoi, Myung-ik aHyun, Kyung Jun